Dunajská ul. v Bratislave - rekonštrukcia verejného priestoru

Salvato in:
Dettagli Bibliografici
Autore principale: Mikovčák, Martin (Autore)
Altri autori: Boháčová, Katarína, 1984- (Relatore della tesi)
Natura: Manoscritto Libro
Lingua:slovacco
Pubblicazione: Bratislava 2015
Soggetti:
Accesso online:http://is.stuba.sk/zp/portal_zp.pl?podrobnosti=93850
Tags: Aggiungi Tag
Nessun Tag, puoi essere il primo ad aggiungerne!!

MARC

LEADER 00000ntm a22000003a 4500
001 stuzp52067
003 SK-STU
005 20210302092543.8
007 ta
008 150427s2015----xo-----f-mn---000-0-slo-d
040 |a STU  |b slo 
041 0 |a slo 
100 1 |a Mikovčák, Martin  |u 056160  |4 aut  |U FAD Fakulta architektúry  |T FA Ústav urbanizmu a územného plánovania  |X 61992  |U A6160  |Y 397  |7 61992 
242 0 1 |a Dunajská street in Bratislava - reconstruction of public spaces  |y eng 
245 1 0 |a Dunajská ul. v Bratislave - rekonštrukcia verejného priestoru 
260 |c 2015  |a Bratislava 
650 4 |a reminiscencia  |2 slo 
650 4 |a pôvodný mestský blok  |2 slo 
650 4 |a verejný priestor  |2 slo 
650 4 |a reminiscence  |2 eng 
650 4 |a origin urban block  |2 eng 
650 4 |a public space  |2 eng 
700 1 |a Boháčová, Katarína,  |d 1984-  |4 ths  |X 18886  |7 A000018886 
856 4 |u http://is.stuba.sk/zp/portal_zp.pl?podrobnosti=93850  |u https://opac.crzp.sk/?fn=detailBiblioForm&sid=367CD704F5D5570C75E7F7DE3652 
SQL |a stuzp52067  |b DBP  |c SLO  |d Dunajská ul. v Bratislave - rekonštrukcia verejného priestoru  |e 61992  |f Mikovčák, Martin  |g 056160  |h 18886  |i Boháčová, Katarína  |j 20150611  |k 149  |l 05  |m http://is.stuba.sk/zp/portal_zp.pl?podrobnosti=93850  |n B-AU  |o 5.1.1. architektúra a urbanizmus